| 000 | 00373 a2200133 4500 | ||
|---|---|---|---|
| 999 |
_c12677 _d12677 |
||
| 008 | 240711b ||||| |||| 00| 0 eng d | ||
| 020 | _a9781957183091 | ||
| 082 | _a720.47 | ||
| 100 | _a Paul Lewis ,Marc Tsurumaki and David J. Lewis | ||
| 245 | _aManual of Biogenic House Sections: Materials and Carbon | ||
| 260 |
_bGoff Books _c2022 |
||
| 300 | _a351p; | ||
| 942 | _2ddc | ||